Недержавна система безпеки підприємництва як субєкт національної безпеки України (Запис № 321766)

МАРК-запис
000 -Лідер
fixed length control field 01402nam a22002537a 4500
001 - Контрольний номер
control field 35404
003 - Ідентифікатор контрольного номера
control field UA-OsUOA
005 - Дата та час останнього входження (трансакції)
control field 20230504161228.0
007 - Фіксоване поле фізичного опису
fixed length control field ta
008 - Елементи даних фіксованої довжини – загальна інформація
fixed length control field 20051125b un ||||| |||| 00| 0 ukr d
020 ## - Міжнародний стандартний книжковий номер (ISBN)
Міжнародний стандартний книжковий номер (ISBN) (НП) 966-7942-19-8
040 ## - Джерело каталогізації
Агенція оригінальної каталогізації UA-OsUOA
Мова каталогізації ukr
Агенція, яка здійснювала перезапис UA-OsUOA
Агенція, яка здійснювала модифікацію UA-OsUOA
041 ## - Код мови
Код мови тексту/ звукової доріжки чи окремого заголовка (П) ukr
080 ## - Індекс Універсальної десяткової класифікації
Індекс Універсальної десяткової класифікації (УДК) (НП) 340.1+351.746.1
090 ## - Локальний шифр розміщення
Класифікаційний індекс УДК 340.1+351.746.1
Авторський знак (НП) Н42
245 ## - Відомості про назву
Назва (НП) Недержавна система безпеки підприємництва як субєкт національної безпеки України
Решта назви (НП) зб. матеріалів наук.- практ. конференцій. Київ 16-17 травня 2001р.
Дані про відповідальність (НП) редкол. : І. І. Тимошенко
260 ## - Публікація, розповсюдження і т.п. (Вихідні дані)
Місце публікації, розповсюдження і т.п. (П) К.
Ім’я/ наймення видавництва, розповсюджувача і т.п. (П) Європейський університет
Дата публікації, розповсюдження і т.п. (П) 2003
300 ## - Фізичний опис
Обсяг 480 с.
520 ## - Резюме і т.п.
Резюме, реферат, анотація, тощо (НП) Збірник містить тексти наукових доповідей учасників конференції «Недержавна система безпеки підприємництва як суб'єкт національної безпеки України», яка відбулася 16-17 травня 2001 р.
650 #7 - Додаткове предметне введення – тематичний термін
Тематичний термін чи географічна назва, як елемент введення (НП) 340 Право в цілому. Пропедевтика. Методи та допоміжні правничі науки
Джерело заголовка чи терміна UDC
942 ## - Додаткові елементи входу (Коха)
Тип елемента Koha Книги
Source of classification or shelving scheme Universal Decimal Classification
955 ## - Код типу видання за змістом
Код типу видання за змістом (НП) Наукові видання
Фонди
Стан вилучень Стан втрат Джерело класифікації або схеми стелажів Стан уражень Не для кредиту Постійне місце розташування Поточне розміщення Дата придбання Джерело придбання Вартість, звичайна ціна покупки Інвентарний номер Усього замовленно Повний номер виклику Штрих-код Дата останнього перегляду Ціна ефективна від Тип елемента Koha
    Universal Decimal Classification     ЧЗ - Читальна зала ЧЗ - Читальна зала 25/11/2005 137/2005 12.70 88915   340.1+351.746.1 Н42 88915 06/02/2022 25/11/2005 Книги
    Universal Decimal Classification     ЧЗ - Читальна зала ЧЗ - Читальна зала 17/03/2006 22/2006 13.20 95501   340.1+351.746.1 Н42 95501 09/02/2022 25/11/2005 Книги